<?xml version="1.0" encoding="UTF-8"?>
<record
    xmlns:xsi="http://www.w3.org/2001/XMLSchema-instance"
    xsi:schemaLocation="http://www.loc.gov/MARC21/slim http://www.loc.gov/standards/marcxml/schema/MARC21slim.xsd"
    xmlns="http://www.loc.gov/MARC21/slim">

  <leader>01018nam a2200229   4500</leader>
  <controlfield tag="003">SEM</controlfield>
  <controlfield tag="005">20250603155709.0</controlfield>
  <controlfield tag="008">250603s1983    ru ||||gr||||||01|||rus|d</controlfield>
  <datafield tag="040" ind1=" " ind2=" ">
    <subfield code="a">SEM</subfield>
    <subfield code="c">SEM</subfield>
  </datafield>
  <datafield tag="041" ind1=" " ind2=" ">
    <subfield code="a">rus</subfield>
  </datafield>
  <datafield tag="080" ind1=" " ind2=" ">
    <subfield code="a">92:75(450)/&#x41B;-33</subfield>
  </datafield>
  <datafield tag="100" ind1=" " ind2=" ">
    <subfield code="a">&#x41B;&#x435;&#x431;&#x435;&#x434;&#x44F;&#x43D;&#x441;&#x43A;&#x438;&#x439;, &#x41C;. &#x421;.</subfield>
    <subfield code="d">(1939-2019)</subfield>
  </datafield>
  <datafield tag="245" ind1=" " ind2=" ">
    <subfield code="a">&#x41F;&#x43E;&#x440;&#x442;&#x440;&#x435;&#x442;&#x44B; &#x420;&#x430;&#x444;&#x430;&#x44D;&#x43B;&#x44F; /</subfield>
    <subfield code="c">&#x41C;. &#x421;. &#x41B;&#x435;&#x431;&#x435;&#x434;&#x44F;&#x43D;&#x441;&#x43A;&#x438;&#x439; ; &#x420;&#x435;&#x434;.: &#x41D;. &#x41D;. &#x420;&#x43E;&#x43C;&#x430;&#x43D;&#x43E;&#x432;&#x430;</subfield>
  </datafield>
  <datafield tag="260" ind1=" " ind2=" ">
    <subfield code="a">&#x41C;&#x43E;&#x441;&#x43A;&#x432;&#x430; :</subfield>
    <subfield code="b">&#xAB;&#x418;&#x437;&#x43E;&#x431;&#x440;&#x430;&#x437;&#x438;&#x442;&#x435;&#x43B;&#x44C;&#x43D;&#x43E;&#x435; &#x438;&#x441;&#x43A;&#x443;&#x441;&#x441;&#x442;&#x432;&#x43E;&#xBB;,</subfield>
    <subfield code="c">1983.</subfield>
  </datafield>
  <datafield tag="300" ind1=" " ind2=" ">
    <subfield code="a">135 &#x441;. ;</subfield>
    <subfield code="b">&#x438;&#x43B;&#x43B;. ;</subfield>
    <subfield code="c">17 &#x441;&#x43C;</subfield>
  </datafield>
  <datafield tag="500" ind1=" " ind2=" ">
    <subfield code="a">500 &#x43B;&#x435;&#x442; &#x441;&#x43E; &#x434;&#x43D;&#x44F; &#x440;&#x43E;&#x436;&#x434;&#x435;&#x43D;&#x438;&#x44F; &#x445;&#x443;&#x434;&#x43E;&#x436;&#x43D;&#x438;&#x43A;&#x430; 1483-1983</subfield>
  </datafield>
  <datafield tag="504" ind1=" " ind2=" ">
    <subfield code="a">&#x41A;&#x440;&#x430;&#x442;&#x43A;&#x430;&#x44F; &#x431;&#x438;&#x431;&#x43B;&#x438;&#x43E;&#x433;&#x440;&#x430;&#x444;&#x438;&#x44F;: &#x441;. 124-125
&#x421;&#x43F;&#x438;&#x441;&#x43E;&#x43A; &#x440;&#x435;&#x43F;&#x440;&#x43E;&#x434;&#x443;&#x43A;&#x446;&#x438;&#x438;: &#x441;. 126-129
I Ritratti di Raffaello: p. 130-131
Elenco delle illustrazioni: p. 132-135</subfield>
  </datafield>
  <datafield tag="650" ind1=" " ind2=" ">
    <subfield code="a">&#x416;&#x438;&#x432;&#x43E;&#x43F;&#x438;&#x441;&#x44C;</subfield>
    <subfield code="x">&#x436;&#x438;&#x437;&#x43D;&#x435;&#x434;&#x435;&#x44F;&#x442;&#x435;&#x43B;&#x44C;&#x43D;&#x43E;&#x441;&#x442;&#x44C;</subfield>
    <subfield code="z">&#x418;&#x442;&#x430;&#x43B;&#x438;&#x44F;</subfield>
  </datafield>
  <datafield tag="653" ind1=" " ind2=" ">
    <subfield code="a">&#x54D;&#x537;&#x544;</subfield>
  </datafield>
  <datafield tag="700" ind1=" " ind2=" ">
    <subfield code="a">&#x420;&#x43E;&#x43C;&#x430;&#x43D;&#x43E;&#x432;&#x430;, &#x41D;. &#x41D;.</subfield>
    <subfield code="e">&#x440;&#x435;&#x434;.</subfield>
    <subfield code="4">edt.</subfield>
  </datafield>
  <datafield tag="942" ind1=" " ind2=" ">
    <subfield code="2">udc</subfield>
    <subfield code="c">BK</subfield>
  </datafield>
  <datafield tag="999" ind1=" " ind2=" ">
    <subfield code="c">76566</subfield>
    <subfield code="d">76566</subfield>
  </datafield>
  <datafield tag="952" ind1=" " ind2=" ">
    <subfield code="0">0</subfield>
    <subfield code="1">0</subfield>
    <subfield code="2">udc</subfield>
    <subfield code="4">0</subfield>
    <subfield code="7">0</subfield>
    <subfield code="8">&#x533;&#x580;&#x561;&#x57A;&#x561;&#x570;&#x578;&#x581;</subfield>
    <subfield code="a">SEM</subfield>
    <subfield code="b">SEM</subfield>
    <subfield code="d">2025-06-03</subfield>
    <subfield code="g">300.00</subfield>
    <subfield code="i">&#x420;&#x443;&#x441;-10525</subfield>
    <subfield code="l">0</subfield>
    <subfield code="o">92:75(450)/&#x41B;-33</subfield>
    <subfield code="p">&#x420;&#x443;&#x441;-10525</subfield>
    <subfield code="r">2025-06-03</subfield>
    <subfield code="w">2025-06-03</subfield>
    <subfield code="y">BK</subfield>
    <subfield code="z">&#x54D;&#x57A;&#x561;&#x57D;&#x561;&#x580;&#x56F;&#x57E;&#x578;&#x582;&#x574; &#x567; &#x568;&#x576;&#x569;&#x565;&#x580;&#x581;&#x561;&#x57D;&#x580;&#x561;&#x570;</subfield>
  </datafield>
</record>
